ACT 203 accounting for managers II : (Record no. 3987)

MARC details
000 -LEADER
fixed length control field 00548cam a2200157 4500
001 - CONTROL NUMBER
control field 4803
005 - DATE AND TIME OF LATEST TRANSACTION
control field 20181127174142.0
008 - FIXED-LENGTH DATA ELEMENTS--GENERAL INFORMATION
fixed length control field 110509s2010 xna b 000 0 eng d
010 ## - LIBRARY OF CONGRESS CONTROL NUMBER
LC control number 2011381660
245 14 - TITLE STATEMENT
Title ACT 203 accounting for managers II :
Remainder of title Coursepack fall 2015 /
Statement of responsibility, etc. Compiled by Tshering Pemo.
260 ## - PUBLICATION, DISTRIBUTION, ETC.
Place of publication, distribution, etc. [Thimphu] :
Name of publisher, distributor, etc. Royal Thimphu College,
Date of publication, distribution, etc. [2015].
500 ## - GENERAL NOTE
General note ACT 203 : Accounting for Managers II Coursepack fall 2015
General note Xerographic copy in a binder.
520 ## - SUMMARY, ETC.
Summary, etc. Bachelor of Commerce: Accounting
650 #0 - SUBJECT ADDED ENTRY--TOPICAL TERM
Topical term or geographic name entry element Accounting.
General subdivision
Form subdivision
Holdings
Withdrawn status Lost status Source of classification or shelving scheme Damaged status Not for loan Collection code Home library Current library Shelving location Date acquired Serial Enumeration / chronology Inventory number Total Checkouts Full call number Barcode Date last seen Price effective from Koha item type
    Dewey Decimal Classification     Fac res RTC Library RTC Library Faculty reserve 23/12/2021 7573   658.15 PEM 30007653 28/02/2022 27/11/2018 Faculty Reserve
Royal Thimphu College || All Right Reserved